Učitavanje...

Global Indian Diaspora : History,Culture and Identity /

Bibliografski detalji
Daljnji autori: Ajaya,Kumar Sahoo .Ed, Laxmi,Narayan Kadekar
Format: Printed Book
Izdano: New Delhi: Rawat Publications; 2012.
Teme:
LEADER 00526cam a2200157ua 4500
020 |a 978-81-316-0471-7 
082 |a 304.8  |b GLO 
245 |a Global Indian Diaspora :   |b History,Culture and Identity /  
260 |a New Delhi:  |b Rawat Publications;  |c 2012. 
300 |a 232p. 
650 |a Indian Diaspora 
700 |a Ajaya,Kumar Sahoo .Ed 
700 |a Laxmi,Narayan Kadekar. 
942 |c BK 
999 |c 43226  |d 43226 
952 |0 0  |1 0  |4 0  |6 304_800000000000000_GLO  |7 0  |9 55187  |a KU  |b KU  |d 2015-07-05  |g 595.00  |l 0  |m 0  |o 304.8 GLO  |p AN03066  |r 2015-09-01  |y BK